00532nam a2200169 a 450000100100000000500170001000800410002704000250006808200260009310000230011924500690014225000120021126000610022330000270028465000240031165000270033500000997220240412074214.0091002s1996 dr r 000 p spa d aDO-SdBNPbspacBNPHU aRD861.44bC965o, 19961 aCuevas, Juan Pablo10aOvertime :bpoemas de verano entre fatigas /cJuan Pablo Cuevas. a2a. ed. aSanto Domingo :aServicios Gráficos Integrados,c1996. a75 p. :bil. ;c24 cm. 0aCuentos dominicanos 0aLiteratura dominicana.